000 01768cam a2200325 i 4500
999 _c2947
_d2947
001 b20934105
003 OSt
005 20230913095117.0
008 180308s2018 nyua b 001 0beng
010 _a2018008071
020 _a9780815385592
_qPaperback
040 _aPCCU
_beng
_cPCCU
_dKH8
042 _anbic
082 0 _a792.820 CLI
100 1 _aClimenhaga, Royd,
_d1963-
_eauthor.
245 1 0 _aPina Bausch /
_cRoyd Climenhaga.
250 _aSecond edition.
260 _aNew York :
_bRoutledge,
_c[2018]
300 _axi, 148 pages :
_billustrations (black and white), portraits (frontispiece, black and white) ;
_c20 cm.
336 _atext
_btxt
_2rdacontent.
337 _aunmediated
_bn
_2rdamedia.
338 _avolume
_bnc
_2rdacarrier.
490 1 _aRoutledge performance practitioners.
504 _aIncludes bibliographical references and index.
520 _aThis newly-updated second edition explores Pina Bausch's work and methods by combining interviews, first-hand accounts, and practical exercises from her developmental process for students of both dance and theatre. This comprehensive overview of her work offers new and exciting insight into the theatrical approach of a singular performance practitioner. This is an essential introduction to the life and work of one of the most significant choreographers/directors of the twentieth and twenty-first centuries. As a first step towards critical understanding, and as an initial exploration before going on to further, primary research, Routledge Performance Practitioners offer unbeatable value for today's student.
610 2 0 _aTanztheater (Wuppertal, Germany)
650 0 _aChoreographers
_zGermany
_vBiography.
830 0 _aRoutledge performance practitioners.
942 _2ddc
_cTR